Nádej pre budúcnosť aktuálne posolstvo Písma Svätého - Biblie ženám "zaskočeným" tehotenstvom

Bibliographic Details
Other Authors: Rýdza, Eva (Translator)
Format: Book
Language:Slovak
English
PhysicalDescription:72 s. 20 cm
Published: [Bratislava] CREATIVPRESS Medzinárodná biblická spoločnosť - Slovensko 1997
ISBN:807131031Xv
Subjects:

MARC

LEADER 00000cam a2200000 a 4500
001 vtls001322135
003 SK-MaSNL
005 20260301005442.0
008 240226s1997 xo 000 0 slo
015 |a SNBA1998/06-02118 
020 |a 807131031Xv  |q (brož.) 
035 |a SNK000274810 
035 |a urn:nbn:sk:snk-amku7j 
035 |a urn:nbn:sk:snk-am004q5e 
035 |a CB98D685-DA5B-4059-9F1B-9AEC1267BD35 
040 |a SNK  |b slo  |c SNK  |e AACR2 
041 1 |a slo  |h eng 
044 |a xo  |c SK 
080 |a 243  |2 1981 
240 1 0 |a Hope for the future  |l Slovensky 
245 0 0 |a Nádej pre budúcnosť  |b aktuálne posolstvo Písma Svätého - Biblie ženám "zaskočeným" tehotenstvom  |c [z angl. ... prel. Eva Rýdza] 
260 |a [Bratislava]  |b CREATIVPRESS  |b Medzinárodná biblická spoločnosť - Slovensko  |c 1997 
300 |a 72 s.  |c 20 cm 
650 0 7 |a biblické citáty  |2 SNKPH  |9 1914 
655 7 |a príručky  |2 SNKPH  |9 74364 
700 1 |a Rýdza, Eva  |4 trl  |9 46631 
919 |a 80-7131-031-X 
958 |a NS 
958 |a TL 
958 |a OP 
958 |a NT 
968 |a SLO  |b ENG 
999 |c 545217  |d 547147 
952 |t P60, <09>, [BOOK], {629}  |a SNK  |b SNK  |y NEVYP  |7 0  |o snkD 34  |i snk340/980226  |0 0  |1 0  |4 0  |d 1998-02-25  |l 0  |r 2005-01-02 00:00:00  |w 2026-02-23 
952 |t P60, <03>, [BOOK], {603}  |a SNK  |b SNK  |y PREZ  |7 0  |p 17A0125885  |o snkSD 69277  |i snkKSP 1991/98  |0 0  |1 0  |4 0  |d 1998-02-25  |l 0  |r 2005-01-02 00:00:00  |w 2026-02-23 
952 |t P60, <04>, [BOOK], {604}  |a SNK  |b SNK  |y VYP  |7 0  |p 17A0125884  |o snkSD 69277 D1  |i snkKSP 1992/98  |0 0  |1 0  |4 0  |d 1998-02-25  |f 1  |l 0  |r 2005-01-02 00:00:00  |w 2026-02-23